<?xml version="1.0" encoding="UTF-8"?>
<record
    xmlns:xsi="http://www.w3.org/2001/XMLSchema-instance"
    xsi:schemaLocation="http://www.loc.gov/MARC21/slim http://www.loc.gov/standards/marcxml/schema/MARC21slim.xsd"
    xmlns="http://www.loc.gov/MARC21/slim">

  <leader>01718nam a22002177a 4500</leader>
  <datafield tag="999" ind1=" " ind2=" ">
    <subfield code="c">4684</subfield>
    <subfield code="d">4684</subfield>
  </datafield>
  <controlfield tag="003">OSt</controlfield>
  <controlfield tag="005">20250528164845.0</controlfield>
  <controlfield tag="008">250528b           ||||| |||| 00| 0 eng d</controlfield>
  <datafield tag="020" ind1=" " ind2=" ">
    <subfield code="a">9972-51-091-3</subfield>
  </datafield>
  <datafield tag="040" ind1=" " ind2=" ">
    <subfield code="c">ENA</subfield>
  </datafield>
  <datafield tag="100" ind1=" " ind2=" ">
    <subfield code="a">Anna, Timothy E.,</subfield>
    <subfield code="d">1944-</subfield>
    <subfield code="9">5980</subfield>
  </datafield>
  <datafield tag="245" ind1=" " ind2=" ">
    <subfield code="a">La ca&#xED;da del gobierno espa&#xF1;ol en el Per&#xFA; :</subfield>
    <subfield code="b">el dilema de la Independencia / </subfield>
    <subfield code="c">Timothy E. Anna, traducci&#xF3;n de Gabriela Ramos</subfield>
    <subfield code="h">[Recurso electr&#xF3;nico]</subfield>
  </datafield>
  <datafield tag="260" ind1=" " ind2=" ">
    <subfield code="a">Lima :</subfield>
    <subfield code="b">IEP,</subfield>
    <subfield code="c">2003</subfield>
  </datafield>
  <datafield tag="300" ind1=" " ind2=" ">
    <subfield code="a">322 p.</subfield>
  </datafield>
  <datafield tag="440" ind1=" " ind2=" ">
    <subfield code="a">Estudios Hist&#xF3;ricos,</subfield>
    <subfield code="n">35</subfield>
    <subfield code="9">5981</subfield>
  </datafield>
  <datafield tag="520" ind1=" " ind2=" ">
    <subfield code="a">&#xBF;Por qu&#xE9; la Independencia del Per&#xFA; comenz&#xF3; tan tarde en el contexto latinoamericano, y por qu&#xE9; cost&#xF3; tanto conseguirse, hasta el punto que tuvieran que venir los ej&#xE9;rcitos de San Mart&#xED;n y de Bol&#xED;var y hasta marinos ingleses? Esta es una pregunta que sistem&#xE1;ticamente ha acechado a la historiograf&#xED;a peruana, y para la que Timothy E. Anna, tiene en este libro una perspectiva novedosa: la que estudia la aparici&#xF3;n de la nueva naci&#xF3;n, desde la &#xF3;ptica de los &#xFA;ltimos virreyes espa&#xF1;oles que de forma desesperada, pero a veces tambi&#xE9;n exitosa, intentaron resistir el embate emancipador concentrado en el &#xFA;ltimo per&#xED;odo en el viejo virreinato de Lima. De este modo, el historiador canadiense logra superar la dicotom&#xED;a entre la independencia &#x201C;concedida&#x201D; o &#x201C;conseguida&#x201D;, que caracteriz&#xF3; a la historiograf&#xED;a peruana sobre el tema.

</subfield>
  </datafield>
  <datafield tag="650" ind1=" " ind2=" ">
    <subfield code="a">Econom&#xED;a </subfield>
    <subfield code="x">Historia</subfield>
    <subfield code="y">1808-1810</subfield>
    <subfield code="z">Per&#xFA;</subfield>
    <subfield code="9">6014</subfield>
  </datafield>
  <datafield tag="651" ind1=" " ind2=" ">
    <subfield code="a">Per&#xFA;</subfield>
    <subfield code="x">Historia -- -Aspectos pol&#xED;ticos.</subfield>
    <subfield code="y">Emancipaci&#xF3;n, 1808-1824</subfield>
    <subfield code="9">6015</subfield>
  </datafield>
  <datafield tag="856" ind1=" " ind2=" ">
    <subfield code="u">https://archive.org/details/anna-timothy-e.-la-caida-del-gobierno-espanol-en-el-peru.-el-dilema-de-la-independencia-2003/mode/2up</subfield>
  </datafield>
  <datafield tag="942" ind1=" " ind2=" ">
    <subfield code="2">ddc</subfield>
    <subfield code="c">RELEC</subfield>
  </datafield>
</record>
